000 00482nam a2200181Ia 4500
008 240925s9999 xx 000 0 und d
020 _a71226206
082 _a621.31042 CHA
100 _aChapman, Stephen J.
245 0 _aElectric Machinery and Power System Fundamentals
250 _aNA
260 _aBoston:
_bMC Graw-Hill
_c,2002.
300 _axx,466p.
_bNA
_fOriginal
500 _aIncludes Index
600 _aElectrical Engineering
650 _aTechnology
942 _cBK
999 _c7276
_d7276